000 00889nam a22002057a 4500
999 _c15686
_d15686
003 AR-CdUCM
008 190429b ||||| |||| 00| 0 spa d
040 _aMUNICIPALIDAD PROVINCIAL DEL CUSCO
_cBIBLIOTECA MUNICIPAL DEL CUSCO
082 _a372.357 /
_bC66
110 _aMinisterio del ambiente.
_934842
245 _aCiudadanía ambiental :
_bGuía educación en ecoeficiencia /
260 _aPerú :
_bMinisterio del ambiente,
_c2012.
300 _a119 páginas ;
_c30 cm.
500 _aMinisterio de educación, dirección de educación comunitaria, Instituciones educativas para el desarrollo sostenible..
505 _aContenido :La educación en ecoeficiencia -- Ruta de la educación en ecoeficiencia -- Temas de educación en ecoeficiencia ...
650 _aCiudadanía y poder.
_934843
650 _aMedio ambiente.
_97215
942 _2ddc
_cLIBROS
945 _arum1
_d2019-04-29